Physics of accretion disks (Record no. 12192)

MARC details
000 -LEADER
fixed length control field 00633nam a2200181Ia 4500
003 - CONTROL NUMBER IDENTIFIER
control field IN-BaIIA
008 - FIXED-LENGTH DATA ELEMENTS--GENERAL INFORMATION
fixed length control field 211028s9999 xx 000 0 eng d
020 ## - INTERNATIONAL STANDARD BOOK NUMBER
International Standard Book Number 90-5699-016-0
040 ## - CATALOGING SOURCE
Transcribing agency IIA Library
080 ## - UNIVERSAL DECIMAL CLASSIFICATION NUMBER
Universal Decimal Classification number 524(063)
Item number KAT
245 #0 - TITLE STATEMENT
Title Physics of accretion disks
Remainder of title advection, radiation and magnetic fields
Statement of responsibility, etc. edited by S. Kato
260 ## - PUBLICATION, DISTRIBUTION, ETC.
Place of publication, distribution, etc. Australia
Name of publisher, distributor, etc. Gordon and Breach Science
Date of publication, distribution, etc. 1996
300 ## - PHYSICAL DESCRIPTION
Extent xiv, 332p.
490 ## - SERIES STATEMENT
Series statement Advances in Astronomy and Astrophysics
650 ## - SUBJECT ADDED ENTRY--TOPICAL TERM
Topical term or geographic name entry element Accretion disks, Advection dominated disks, Self gravitating disks.
9 (RLIN) 21290
700 ## - ADDED ENTRY--PERSONAL NAME
Personal name Kato, S., ed.
9 (RLIN) 21291
942 ## - ADDED ENTRY ELEMENTS (KOHA)
Koha item type Books
Holdings
Withdrawn status Lost status Damaged status Not for loan Home library Current library Shelving location Date acquired Cost, normal purchase price Total Checkouts Full call number Barcode Date last seen Cost, replacement price Price effective from Koha item type Purchase Price
        IIA Library-Bangalore IIA Library-Bangalore General Stacks 27/08/1997 3240.00   524(063)/ KAT 13108 05/11/2021 3240.00 27/08/1997 Books Rs. 3240.00

Powered by Koha